000 00485nam a2200193Ia 4500
008 170918s9999 xx 000 0 und d
020 _a9780439366445
050 _bP562 2000
100 _aPhillips, Mildred
245 4 _aAnd the cow said moo! /
245 _cby Mildred Phillips ; pictures by Sonja Lamut.
260 _aNew York :
260 _bScholastic,
260 _c2000
300 _aunpaged :
300 _bcolored illustration ;
300 _c25cm.
500 _aBR
999 _c342935
_d342935